Clarinetto nel jazz (Il) (Record n. 99724)

Dettagli MARC
000 -LEADER
fixed length control field 06250njm a2200721Ia 4500
001 - CONTROL NUMBER
control field 25687
003 - CONTROL NUMBER IDENTIFIER
control field IT-RoPAU
005 - DATE AND TIME OF LATEST TRANSACTION
control field 20220918181120.0
008 - FIXED-LENGTH DATA ELEMENTS--GENERAL INFORMATION
fixed length control field 131025s9999 xx 000 0 und d
040 ## - CATALOGING SOURCE
Original cataloging agency IT-RoPAU
040 ## - CATALOGING SOURCE
Transcribing agency IT-RoPAU
999 ## - SYSTEM CONTROL NUMBERS (KOHA)
Koha Dewey Subclass [OBSOLETE] n.d.
100 ## - MAIN ENTRY--PERSONAL NAME
Personal name AA.VV.
9 (RLIN) 794
100 ## - MAIN ENTRY--PERSONAL NAME
Relator term Autore musica
9 (RLIN) 13634
100 ## - MAIN ENTRY--PERSONAL NAME
Miscellaneous information Codice autore musica SPICS: 12000
9 (RLIN) 796
245 ## - TITLE STATEMENT
Title Clarinetto nel jazz (Il)
250 ## - EDITION STATEMENT
Edition statement 2a ed.
260 ## - PUBLICATION, DISTRIBUTION, ETC. (IMPRINT)
Place of publication, distribution, etc. MILANO
260 ## - PUBLICATION, DISTRIBUTION, ETC. (IMPRINT)
Name of publisher, distributor, etc. MUSICA JAZZ
Date of publication, distribution, etc. 1983 [1a Ed.:]
300 ## - PHYSICAL DESCRIPTION
Extent DISCO
300 ## - PHYSICAL DESCRIPTION
Dimensions 49 minuti (Testo: pag.)
500 ## - GENERAL NOTE
General note Musica jazz. Il clarinetto nella storia del Jazz Brass Bands di New Orleans. Strumenti a fiato. Questo album offre un panorama completo dei più significativi clarinettisti della storia del jazz. Ruolo del clarinetto nell'organico jazzistico
505 ## - FORMATTED CONTENTS NOTE
Formatted contents note High Society [(1951) (4:00)] - Clarinet Marmalade [(New York, 10 novembre 1936) (La Rocca Nick) (3:00)] - Wolverine Blues [(Richmond, 13 marzo 1923) (4:00)] - Blue Clarinet Stomp [(Chicago, 6 luglio 1928) (Dodds Johnny) (4:00)] - Characteristic Blues [(New York, 14 aprile 1937) (Sissle Noble) (3:00)] - China Boy [(Chicago, 9 dicembre 1927) (McKenzie Red) (3:00)] - My Monday Date [(Chicago, 23 agosto 1928) (Noone Jymmie) (3:00)] - One Hour [(New York, 14 novembre 1929) (McKenzie Red) (4:00)] - Clarinet Lament [(New York, 28 febbraio 1936) (Ellington Duke) (4:00)] - Stompin' Atthesavoy [(New York, 2 dicembre 1936) (Goodman Benny) (3:00)] - Stardust [(7 ottobre 1940) (Shaw Artie) (4:00)] - So Low [(New York, marzo 1956) (Giuffrè Jimmy) (3:00)] - Poseidia [(Roma, 17 settembre 1977) (Smith Bill) (6:00)] - Composition n 69B [(Firenze, 19 luglio 1982) (Braxton Anthony) (6:00)]
511 ## - PARTICIPANT OR PERFORMER NOTE
Participant or performer note Celestin Papa: tr; Picou Alphonse: cl; Matthews Bill: trne; Crosby Octave: p; Alexis Richard: cb; Goldston Christopher: batt; Oscar "Papa" Celestin and his Tuxedo Jazz Band
511 ## - PARTICIPANT OR PERFORMER NOTE
Participant or performer note La Rocca Nick: crn; Edwards Eddie: trne; Shields Larry: cl; Robinson J Russell: p; Sbarbaro Tony: Batt; Original Dixieland Jass Band
511 ## - PARTICIPANT OR PERFORMER NOTE
Participant or performer note Mares Paul: crn; Brunis Georges: trne; Roppolo Leon: cl; Stitzel Mel: p; Pollack Ben: batt; New Orleans Rhythm Kings
511 ## - PARTICIPANT OR PERFORMER NOTE
Participant or performer note Johnny Dodds Trio: cl; Alexander Charlie: p; Johnson Bill: cb; Dodds Baby: Washboard
511 ## - PARTICIPANT OR PERFORMER NOTE
Participant or performer note Culley Wendell: tr; Dean Deamus: tr; Brereton Clarence: tr; Burrill Chester: trne; Bechet Sidney: cl; Usera Ramon: alto; Pasquall Jerome Don: alto; Tolliver James: ten; White Gil: ten; Butterfield Erskine: p; Miller Jimmy: chit; Jones Jimmy: cb; Kirk Wilbur: batt; Noble Sissle Orchestra
511 ## - PARTICIPANT OR PERFORMER NOTE
Participant or performer note McPartland Jimmy: crn; Teschemaker Frank: cl; Freeman Bud: ten; Sullivan Joe: p; Condon Eddie: chit; Lannigan Jim: cb; Krupa Gene: batt; Red McKenzie and Condon's Chicagoans
511 ## - PARTICIPANT OR PERFORMER NOTE
Participant or performer note Noone Jimmie: cl; Poston Joe: alto; Hines Earl: p; Scott Bud: bjo; Buford Lawson: basso tuba; Wells Johnny: batt; Jimmie Noone's Apex Club Orchestra
511 ## - PARTICIPANT OR PERFORMER NOTE
Participant or performer note Mckenzie Red: blue blowing; Miller Glenn: trne; Russell Pee Wee: cl; Hawkins Coleman: ten; Condon Eddie: bjo; Bland Jack: chit; Morgan Al: cb; Krupa Gene: batt; The Mound City Blue Blowers
511 ## - PARTICIPANT OR PERFORMER NOTE
Participant or performer note Whetsol Arthur: tr; Williams Cootie: tr; Stewart Rex: crn; Nanton Joe Tricky Sarn: trne; Brown Lawrence: trne; Tizol Juan: trne; Hodges Johnny: saxes; Carney Harry: saxes; Hardwicke Otto: saxes; Bigard Barney: cl; Ellington Duke: p; Guy Fred: chit; Taylor Billy: cb; Greer Sonny: batt; Duke Ellington and his Famous Orchestra
511 ## - PARTICIPANT OR PERFORMER NOTE
Participant or performer note Goodman Benny: cl; Wilson Teddy: p; Hampton Lionel: vib; Krupa Gene: batt; Benny Goodman Quartet
511 ## - PARTICIPANT OR PERFORMER NOTE
Participant or performer note Shaw Artie: cl; Klein Manny: tr; Wrightsman Stan: p; Sherwood Bobby: chit; Artie Shaw and his Orchestra
511 ## - PARTICIPANT OR PERFORMER NOTE
Participant or performer note Jimmy Giuffre cl solo e battito di piedi
511 ## - PARTICIPANT OR PERFORMER NOTE
Participant or performer note Smith Bill: cl; Pieranunzi Enrico: p
511 ## - PARTICIPANT OR PERFORMER NOTE
Participant or performer note Braxton Anthony: cl; Lindberg John: cb
650 ## - SUBJECT ADDED ENTRY--TOPICAL TERM
Topical term or geographic name as entry element JAZZ [DISCHI]
Relator term Codice MATERIA SPICS: 9950
9 (RLIN) 13635
700 ## - ADDED ENTRY--PERSONAL NAME
Personal name Picou Alphonse
Dates associated with a name Codice autore musica SPICS: 16318
Relator term Autore musica
Name of part/section of a work High Society
9 (RLIN) 13636
700 ## - ADDED ENTRY--PERSONAL NAME
Personal name Shields Larry
Dates associated with a name Codice autore musica SPICS: 16321
Relator term Autore musica
Name of part/section of a work Clarinet Marmalade
9 (RLIN) 13637
700 ## - ADDED ENTRY--PERSONAL NAME
Personal name Ragas Henry
Dates associated with a name Codice autore SPICS: 16341
Relator term Autore
Name of part/section of a work Clarinet Marmalade
9 (RLIN) 13638
700 ## - ADDED ENTRY--PERSONAL NAME
Personal name Morton Jelly Roll
Dates associated with a name Codice autore musica SPICS: 10672
Relator term Autore musica
Name of part/section of a work Wolverine Blues
9 (RLIN) 13639
700 ## - ADDED ENTRY--PERSONAL NAME
Personal name Dodds Johnny
Dates associated with a name Codice autore musica SPICS: 16276
Relator term Autore musica
Name of part/section of a work Blue Clarinet Stomp
9 (RLIN) 13640
700 ## - ADDED ENTRY--PERSONAL NAME
Personal name Sissle Noble
Dates associated with a name Codice autore musica SPICS: 13038
Relator term Autore musica
Name of part/section of a work Characteristic Blues
9 (RLIN) 13641
700 ## - ADDED ENTRY--PERSONAL NAME
Personal name Bechet Sydney
Dates associated with a name Codice autore SPICS: 9418
Relator term Autore
Name of part/section of a work Characteristic Blues
9 (RLIN) 13642
700 ## - ADDED ENTRY--PERSONAL NAME
Personal name Bouteljie
Dates associated with a name Codice autore musica SPICS: 20919
Relator term Autore musica
Name of part/section of a work China Boy
9 (RLIN) 13643
700 ## - ADDED ENTRY--PERSONAL NAME
Personal name Winfree
Dates associated with a name Codice autore SPICS: 27779
Relator term Autore
Name of part/section of a work China Boy
9 (RLIN) 13644
700 ## - ADDED ENTRY--PERSONAL NAME
Personal name Hines Earl
Dates associated with a name Codice autore musica SPICS: 16156
Relator term Autore musica
Name of part/section of a work My Monday Date
9 (RLIN) 13645
700 ## - ADDED ENTRY--PERSONAL NAME
Personal name Robin Christian
Dates associated with a name Codice autore SPICS: 10583
Relator term Autore
Name of part/section of a work My Monday Date
9 (RLIN) 13646
700 ## - ADDED ENTRY--PERSONAL NAME
Personal name Johnson James P.
Dates associated with a name Codice autore musica SPICS: 16155
Relator term Autore musica
Name of part/section of a work One Hour
9 (RLIN) 13647
700 ## - ADDED ENTRY--PERSONAL NAME
Personal name Creamer H.
Dates associated with a name Codice autore SPICS: 16398
Relator term Autore
Name of part/section of a work One Hour
9 (RLIN) 13648
700 ## - ADDED ENTRY--PERSONAL NAME
Personal name Ellington Duke
Dates associated with a name Codice autore musica SPICS: 13023
Relator term Autore musica
Name of part/section of a work Clarinet Lament
9 (RLIN) 13649
700 ## - ADDED ENTRY--PERSONAL NAME
Personal name Bigard Barney
Dates associated with a name Codice autore SPICS: 16329
Relator term Autore
Name of part/section of a work Clarinet Lament
9 (RLIN) 13650
700 ## - ADDED ENTRY--PERSONAL NAME
Personal name Sampson Edgar
Dates associated with a name Codice autore musica SPICS: 15952
Relator term Autore musica
Name of part/section of a work Stompin' Atthesavoy
9 (RLIN) 13651
700 ## - ADDED ENTRY--PERSONAL NAME
Personal name Goodman Benny
Dates associated with a name Codice autore SPICS: 10538
Relator term Autore
Name of part/section of a work Stompin' Atthesavoy
9 (RLIN) 13652
700 ## - ADDED ENTRY--PERSONAL NAME
Personal name Razaf Andy
Dates associated with a name Codice autore testo/musica SPICS: 10573
Relator term Autore testo/musica
Name of part/section of a work Stompin' Atthesavoy
9 (RLIN) 13653
700 ## - ADDED ENTRY--PERSONAL NAME
Personal name Carmichael Hoagy
Dates associated with a name Codice autore musica SPICS: 10736
Relator term Autore musica
Name of part/section of a work Stardust
9 (RLIN) 13654
700 ## - ADDED ENTRY--PERSONAL NAME
Personal name Parrish
Dates associated with a name Codice autore SPICS: 20357
Relator term Autore musica
Name of part/section of a work Stardust
9 (RLIN) 13655
700 ## - ADDED ENTRY--PERSONAL NAME
Personal name Giuffrè Jimmy
Dates associated with a name Codice autore musica SPICS: 10675
Relator term Autore musica
Name of part/section of a work So Low
9 (RLIN) 13656
700 ## - ADDED ENTRY--PERSONAL NAME
Personal name Pieranunzi Enrico
Dates associated with a name Codice autore musica SPICS: 16333
Relator term Autore musica
Name of part/section of a work Poseidia
9 (RLIN) 13657
700 ## - ADDED ENTRY--PERSONAL NAME
Personal name Braxton Anthony
Dates associated with a name Codice autore musica SPICS: 16334
Relator term Autore musica
Name of part/section of a work Composition n 69B
9 (RLIN) 13658
942 ## - ADDED ENTRY ELEMENTS (KOHA)
Koha item type DISCHI
Source of classification or shelving scheme Dewey Decimal Classification
Dati di copia
Withdrawn status Lost status Damaged status Not for loan Home library Current library Date acquired Total Checkouts Full call number Date last seen Price effective from Koha item type Public note
    Buone Condizioni Not For Loan SPICS-MEDIATECA SPICS-MEDIATECA 25/10/2013   25687 25/10/2013 25/10/2013 DISCHI Progr. Ins.: 5561 / N.Vol.: 1 / Copie: 1 - Copia rara: n.d. / date import: 01.01.2014 - By Epidotti, Trombetti, Vaglietti
CREDITS: SOCIETA' SAN PAOLO Via A.Severo, 58 - ROMA (RM) & PERIODICI SAN PAOLO SRL Via Giotto, 36 MILANO & CISF Via Giotto, 36 MILANO & EDIZIONI SAN PAOLO SRL,  Piazza Soncino, 5 CINISELLO BALSAMO (MI) -- ITALY